000
00231nam a22001097a 4500
082
_a
808.3 TWA'H
100
_a
TWAIN, MARK
_9
23893
245
_a
HUCKLEBERRY FINN
260
_a
LONDON
_b
PURNELL
_c
1978
300
_a
143P
942
_c
BK
999
_c
581459
_d
581459